<?xml version="1.0" encoding="UTF-8"?>
<record
    xmlns:xsi="http://www.w3.org/2001/XMLSchema-instance"
    xsi:schemaLocation="http://www.loc.gov/MARC21/slim http://www.loc.gov/standards/marcxml/schema/MARC21slim.xsd"
    xmlns="http://www.loc.gov/MARC21/slim">

  <leader>01043cam a22002531  4500</leader>
  <controlfield tag="001">sg 46000094 </controlfield>
  <controlfield tag="003">DLC</controlfield>
  <controlfield tag="005">20260227112748.0</controlfield>
  <controlfield tag="008">770812s1946    xx            000 0 eng c</controlfield>
  <datafield tag="010" ind1=" " ind2=" ">
    <subfield code="a">sg 46000094 </subfield>
  </datafield>
  <datafield tag="035" ind1=" " ind2=" ">
    <subfield code="a">(OCoLC)3184295</subfield>
  </datafield>
  <datafield tag="040" ind1=" " ind2=" ">
    <subfield code="a">U.S. Surg.-gen off. Libr.</subfield>
    <subfield code="c">OC</subfield>
    <subfield code="d">OClW-H</subfield>
    <subfield code="d">DLC</subfield>
  </datafield>
  <datafield tag="050" ind1="0" ind2="0">
    <subfield code="a">RT71</subfield>
    <subfield code="b">.S55 1946</subfield>
  </datafield>
  <datafield tag="082" ind1=" " ind2=" ">
    <subfield code="a">610.73</subfield>
  </datafield>
  <datafield tag="100" ind1="1" ind2=" ">
    <subfield code="a">Spalding, Eugenia Kennedy,</subfield>
    <subfield code="d">1896-1978.</subfield>
  </datafield>
  <datafield tag="245" ind1="1" ind2="0">
    <subfield code="a">Professional adjustments in nursing;</subfield>
    <subfield code="b">for senior students and graduates,</subfield>
    <subfield code="c">by Eugenia Kennedy Spalding.</subfield>
  </datafield>
  <datafield tag="250" ind1=" " ind2=" ">
    <subfield code="a">3d ed., rev. and reset.</subfield>
    <subfield code="b">32 illustrations.</subfield>
  </datafield>
  <datafield tag="260" ind1=" " ind2=" ">
    <subfield code="a">Philadelphia, [etc.]</subfield>
    <subfield code="b">J.B. Lippincott company</subfield>
    <subfield code="c">[1946]</subfield>
  </datafield>
  <datafield tag="300" ind1=" " ind2=" ">
    <subfield code="a">xxix, 509 (i.e. 511) p. incl. illus., tables, double form, diagrs.</subfield>
    <subfield code="b">2 pl. on 1 l.</subfield>
    <subfield code="c">21 cm.</subfield>
  </datafield>
  <datafield tag="500" ind1=" " ind2=" ">
    <subfield code="a">Published in 1939 under title: Professional adjustments in nursing.</subfield>
  </datafield>
  <datafield tag="504" ind1=" " ind2=" ">
    <subfield code="a">"Bibliography and suggested references" at end of each chapter.</subfield>
  </datafield>
  <datafield tag="650" ind1=" " ind2="0">
    <subfield code="a">Nursing.</subfield>
  </datafield>
  <datafield tag="700" ind1="1" ind2=" ">
    <subfield code="a">Spalding, Eugenia Kennedy,</subfield>
    <subfield code="d">1896-1978.</subfield>
    <subfield code="t">Professional adjustments in nursing.</subfield>
  </datafield>
  <datafield tag="999" ind1=" " ind2=" ">
    <subfield code="c">90731</subfield>
    <subfield code="d">90731</subfield>
  </datafield>
</record>
